<?xml version="1.0" encoding="UTF-8"?>
<record
    xmlns:xsi="http://www.w3.org/2001/XMLSchema-instance"
    xsi:schemaLocation="http://www.loc.gov/MARC21/slim http://www.loc.gov/standards/marcxml/schema/MARC21slim.xsd"
    xmlns="http://www.loc.gov/MARC21/slim">

  <leader>01404nam a2200337 a 4500</leader>
  <controlfield tag="001">000116032</controlfield>
  <controlfield tag="003">CHAP</controlfield>
  <controlfield tag="005">20220329144558.0</controlfield>
  <controlfield tag="008">190830s2010    mx     |r|    ||||||spa d</controlfield>
  <datafield tag="010" ind1=" " ind2=" ">
    <subfield code="a">112493</subfield>
  </datafield>
  <datafield tag="011" ind1=" " ind2=" ">
    <subfield code="a">113465</subfield>
  </datafield>
  <datafield tag="020" ind1=" " ind2=" ">
    <subfield code="a">9786077538264</subfield>
  </datafield>
  <datafield tag="040" ind1=" " ind2=" ">
    <subfield code="c">CHAP</subfield>
  </datafield>
  <datafield tag="082" ind1="0" ind2="4">
    <subfield code="a">342.72</subfield>
    <subfield code="b">M99 v.12</subfield>
  </datafield>
  <datafield tag="110" ind1="1" ind2=" ">
    <subfield code="a">M&#xE9;xico. Constituci&#xF3;n,</subfield>
    <subfield code="d">1917</subfield>
    <subfield code="9">76889</subfield>
  </datafield>
  <datafield tag="245" ind1="1" ind2="0">
    <subfield code="a">Taxiskuama a b'ondo k'u o potu k'o o tsjaji nu paa ts'ich'a nu zana yeje nu kjee dyech'a j&#xF1;incho ts'ite yencho = Constitucion Pol&#xED;tica de los Estados Unidos Mexicanoa en Mazahua de Oriente /</subfield>
    <subfield code="c">coordinado por Jos&#xE9; Francisco Monroy y Felipe Gonz&#xE1;lez Ortiz.</subfield>
  </datafield>
  <datafield tag="260" ind1=" " ind2=" ">
    <subfield code="a">M&#xE9;xico, D.F. :</subfield>
    <subfield code="b">INALI</subfield>
    <subfield code="b">Universidad Intercultural del Estado de M&#xE9;xico,</subfield>
    <subfield code="c">2010.</subfield>
  </datafield>
  <datafield tag="300" ind1=" " ind2=" ">
    <subfield code="a">211 p.</subfield>
  </datafield>
  <datafield tag="490" ind1=" " ind2=" ">
    <subfield code="a">Constituci&#xF3;n Pol&#xED;tica de los Estados Unidos Mexicanos en lenguas ind&#xED;genas</subfield>
    <subfield code="v">12</subfield>
  </datafield>
  <datafield tag="500" ind1=" " ind2=" ">
    <subfield code="a">Glosario de t&#xE9;rminos jur&#xED;dicos Espa&#xF1;ol - Mazahua</subfield>
  </datafield>
  <datafield tag="590" ind1=" " ind2=" ">
    <subfield code="a">E5765TAJ</subfield>
    <subfield code="b">05</subfield>
    <subfield code="c">20190830</subfield>
    <subfield code="l">UCH01</subfield>
    <subfield code="h">1005</subfield>
  </datafield>
  <datafield tag="590" ind1=" " ind2=" ">
    <subfield code="a">E5765TAJ</subfield>
    <subfield code="b">05</subfield>
    <subfield code="c">20190830</subfield>
    <subfield code="l">UCH01</subfield>
    <subfield code="h">1007</subfield>
  </datafield>
  <datafield tag="650" ind1="1" ind2="4">
    <subfield code="a">Derecho constitucional</subfield>
    <subfield code="x">M&#xE9;xico.</subfield>
    <subfield code="9">31886</subfield>
  </datafield>
  <datafield tag="650" ind1="1" ind2="4">
    <subfield code="a">M&#xE9;xico</subfield>
    <subfield code="x">Constituci&#xF3;n.</subfield>
    <subfield code="9">76735</subfield>
  </datafield>
  <datafield tag="700" ind1="1" ind2=" ">
    <subfield code="a">Gonz&#xE1;lez Ortiz, Felipe</subfield>
    <subfield code="e">coord.</subfield>
    <subfield code="9">136743</subfield>
  </datafield>
  <datafield tag="700" ind1="1" ind2=" ">
    <subfield code="a">Monroy, Jos&#xE9; Francisco</subfield>
    <subfield code="e">coord.</subfield>
    <subfield code="9">136742</subfield>
  </datafield>
  <datafield tag="830" ind1=" " ind2="0">
    <subfield code="a">Constituci&#xF3;n Pol&#xED;tica de los Estados Unidos Mexicanos en lenguas ind&#xED;genas</subfield>
    <subfield code="v">12</subfield>
    <subfield code="9">136735</subfield>
  </datafield>
  <datafield tag="901" ind1=" " ind2=" ">
    <subfield code="a">BK</subfield>
  </datafield>
  <datafield tag="942" ind1=" " ind2=" ">
    <subfield code="c">LIBRO</subfield>
  </datafield>
  <datafield tag="942" ind1=" " ind2=" ">
    <subfield code="n">0</subfield>
  </datafield>
  <datafield tag="999" ind1=" " ind2=" ">
    <subfield code="c">112493</subfield>
    <subfield code="d">112493</subfield>
  </datafield>
  <datafield tag="952" ind1=" " ind2=" ">
    <subfield code="0">0</subfield>
    <subfield code="1">0</subfield>
    <subfield code="2">ddc</subfield>
    <subfield code="4">0</subfield>
    <subfield code="5">1</subfield>
    <subfield code="7">0</subfield>
    <subfield code="8">C</subfield>
    <subfield code="a">BC</subfield>
    <subfield code="b">BC</subfield>
    <subfield code="c">PA_CONSULTA</subfield>
    <subfield code="d">2019-08-30</subfield>
    <subfield code="f">LIBRO</subfield>
    <subfield code="l">0</subfield>
    <subfield code="o">342.72 M99 v.12</subfield>
    <subfield code="p">33724002558439</subfield>
    <subfield code="r">2019-12-31 00:00:00</subfield>
    <subfield code="w">2019-08-30</subfield>
    <subfield code="y">LIBRO</subfield>
  </datafield>
</record>
